000
00302nam a22001337a 4500
008
171124b xxu||||| |||| 00| 0 eng d
020
_a
9781935308416
041
_a
eng
080
_a
62
100
_a
26
101
_a
IM
245
_a
THE FALSE PROMISE OF GREEN ENERGY
_c
MORRISS,A.P
942
_2
udc
_c
BK
999
_c
38436
_d
38436